[Event "Istanbul (ol)"]
[Site "?"]
[Date "2000.??.??"]
[Round "?"]
[White "Pelletier, Y."]
[Black "Brynell, S."]
[Result "1-0"]
[WhiteElo "2470"]
[BlackElo "2480"]
[PlyCount "85"]
[EventDate "2000.??.??"]
[Source "Chess Informant"]
[SourceDate "2000.10.01"]

1. d4 d5 2. c4 dxc4 3. Nf3 Nf6 4. e3 Bg4 5. Bxc4 e6 6. h3 Bh5 7. O-O a6 8. Nc3 Nc6 9. Be2 Bd6 10. Nd2 Bxe2 11. Qxe2 O-O 12. f4 Nd5 13. Nb3 f5 14. e4 fxe4 15. Qxe4 Qf6 16. Nxd5 exd5 17. Qxd5+ Kh8 18. Bd2 Rad8 19. Qc4 Ne7 20. Rae1 Qf5 21. Qe6 Qxe6 22. Rxe6 Nd5 23. f5 b6 24. g4 Kg8 25. Nc1 c5 26. Bg5 Rd7 27. Nd3 cxd4 28. Rc1 h6 29. Bd2 Kf7 30. Rc4 Rfd8 31. Kg2 Bb8 32. Kf3 Bc7 33. Be1 Ne3 34. Rcc6 h5 35. Bg3 hxg4+ 36. hxg4 Bxg3 37. Kxg3 Ra7 38. Rxb6 a5 39. Ne5+ Kg8 40. Nc6 d3 41. Nxd8 d2 42. Re8+ Kh7 43. Ne6 1-0

[Event "BL2-Nord 0001"]
[Site "Germany"]
[Date "2000.10.15"]
[Round "1.1"]
[White "Lauber, Arnd"]
[Black "Levin, Felix"]
[Result "1/2-1/2"]
[WhiteElo "2419"]
[BlackElo "2528"]
[PlyCount "50"]
[EventDate "2000.10.15"]
[Source "ChessBase"]
[SourceDate "2001.07.03"]

1. d4 d5 2. c4 dxc4 3. Nf3 a6 4. e3 Nf6 5. Bxc4 b5 6. Bb3 e6 7. O-O Bb7 8. a4 b4 9. a5 Be7 10. Ba4+ Nfd7 11. Nbd2 O-O 12. Nc4 c5 13. Qe2 cxd4 14. Nxd4 Nc5 15. Nb6 Ra7 16. Rd1 Qc7 17. Bd2 Nxa4 18. Rxa4 Bc6 19. Rc1 Qb7 20. Nxc6 Nxc6 21. Qf3 Ne5 22. Qxb7 Rxb7 23. Nc8 Bf6 24. Rxb4 Rd7 25. Rd4 Rxd4 1/2-1/2

[Event "Vilnius"]
[Site "Vilnius"]
[Date "1978.??.??"]
[Round "5"]
[White "Tukmakov, Vladimir B"]
[Black "Lebredo, Gerardo"]
[Result "1/2-1/2"]
[WhiteElo "2560"]
[BlackElo "2385"]
[PlyCount "64"]
[EventDate "1978.07.??"]
[Source "ChessBase"]

1. d4 d5 2. c4 dxc4 3. Nf3 Nf6 4. e3 Bg4 5. Bxc4 e6 6. h3 Bh5 7. Nc3 a6 8. Be2 Nc6 9. O-O Bd6 10. b3 O-O 11. Bb2 Qe7 12. Nd2 Bg6 13. Nc4 Rfd8 14. Bf3 e5 15. Bxc6 bxc6 16. dxe5 Bxe5 17. Qf3 Ne4 18. Nxe5 Qxe5 19. Na4 Qg5 20. Rfd1 Rd6 21. Qg4 Qe7 22. Rac1 Rad8 23. Rxd6 Qxd6 24. Qe2 a5 25. Bd4 Ng5 26. Nc5 Qe7 27. Qa6 h6 28. h4 Ne4 29. h5 Qh4 30. hxg6 Qxf2+ 31. Kh2 Qh4+ 32. Kg1 Qf2+ 1/2-1/2

[Event "New York USA"]
[Site "?"]
[Date "1980.05.13"]
[Round "2"]
[White "Dzindzichashvili Roman"]
[Black "Ginsburg Mark"]
[Result "1-0"]
[WhiteElo "2570"]
[BlackElo "2370"]
[PlyCount "91"]
[EventDate "1980.??.??"]
[Source "www.chesslib.no"]
[SourceDate "2004.05.04"]

1. Nf3 Nf6 2. d4 d5 3. c4 dxc4 4. e3 Bg4 5. Bxc4 e6 6. Nc3 a6 7. h3 Bh5 8. O-O Nc6 9. Be2 Bd6 10. b3 O-O 11. Bb2 Re8 12. Rc1 Qe7 13. Ne5 Bxe2 14. Nxe2 Nb4 15. a3 Nbd5 16. Nc4 Rac8 17. b4 Ne4 18. f3 Ng3 19. Nxg3 Bxg3 20. Qe2 c6 21. f4 f5 22. Rf3 Bh4 23. e4 fxe4 24. Qxe4 Bf6 25. Re1 Rcd8 26. Kh2 g6 27. Ne5 Bxe5 28. dxe5 Rf8 29. Bd4 Qh4 30. g3 Qh5 31. Bc5 Rf7 32. Ref1 Qf5 33. Qxf5 gxf5 34. g4 Kh8 35. g5 Nc7 36. Bd6 Nb5 37. a4 Nxd6 38. Rd1 b5 39. axb5 Nb7 40. Rxd8+ Nxd8 41. Rd3 Rf8 42. bxa6 Kg7 43. Rd6 Nf7 44. Rxc6 Rb8 45. a7 Ra8 46. Rc7 1-0

[Event "Victor Ciocaltea mem"]
[Site "Bucharest ROM"]
[Date "2008.03.14"]
[Round "1"]
[White "Raceanu, V."]
[Black "Romanishin, O."]
[Result "1-0"]
[WhiteElo "2407"]
[BlackElo "2528"]
[PlyCount "69"]
[EventDate "2008.03.14"]
[Source "www.chesslib.no"]
[SourceDate "2004.05.04"]

1. d4 d5 2. c4 dxc4 3. Nf3 Nf6 4. e3 Bg4 5. Bxc4 e6 6. h3 Bh5 7. Nc3 a6 8. g4 Bg6 9. Ne5 Nbd7 10. Nxg6 hxg6 11. Qf3 c6 12. Bd2 Bb4 13. O-O-O Nb6 14. Bb3 Nbd5 15. Na4 b5 16. Nc5 Bxc5 17. dxc5 Qe7 18. e4 Qxc5+ 19. Kb1 Ne7 20. Bf4 Qa7 21. Be5 c5 22. Bxf6 gxf6 23. Qxf6 Rf8 24. Rd6 c4 25. Bc2 Rd8 26. Rhd1 Rxd6 27. Rxd6 a5 28. e5 Qb7 29. a3 Qa8 30. h4 Nd5 31. Qg7 Ke7 32. Bxg6 c3 33. Be4 c2+ 34. Kc1 Rg8 35. Bxd5 1-0

[Event "Budva zt"]
[Site "Budva"]
[Date "1981.??.??"]
[Round "9"]
[White "Rukavina, Josip"]
[Black "Hulak, Krunoslav"]
[Result "1/2-1/2"]
[WhiteElo "2460"]
[BlackElo "2475"]
[PlyCount "28"]
[EventDate "1981.10.??"]
[Source "ChessBase"]

1. d4 d5 2. Nf3 Nf6 3. c4 dxc4 4. e3 Bg4 5. Bxc4 e6 6. O-O a6 7. b3 Bd6 8. Bb2 O-O 9. Nbd2 Nc6 10. h3 Bxf3 11. Nxf3 Qe7 12. Qe2 e5 13. dxe5 Nxe5 14. Nxe5 Bxe5 1/2-1/2

[Event "TCh-AUT 1st Bundesliga 2007-8"]
[Site "Jenbach AUT"]
[Date "2008.01.10"]
[Round "4"]
[White "Knoll, H."]
[Black "Kunin, V."]
[Result "1-0"]
[WhiteElo "2386"]
[BlackElo "2538"]
[PlyCount "159"]
[EventDate "2008.01.10"]
[Source "www.chesslib.no"]
[SourceDate "2004.05.04"]

1. d4 d5 2. Nf3 Nf6 3. c4 dxc4 4. e3 Bg4 5. Bxc4 e6 6. Nc3 a6 7. h3 Bh5 8. g4 Bg6 9. Ne5 Nbd7 10. Nxg6 hxg6 11. Bf1 c6 12. Bg2 Qc7 13. e4 e5 14. d5 cxd5 15. exd5 Nb6 16. O-O Bc5 17. Bg5 Be7 18. Rc1 Qd7 19. Qb3 Nc8 20. Rfe1 O-O 21. Rxe5 Bd6 22. Re2 Nh7 23. Be3 f5 24. Bd4 b5 25. Re6 Qf7 26. gxf5 gxf5 27. f4 Bxf4 28. Rf1 Bd6 29. Ne4 Bb8 30. d6 Kh8 31. Kh1 Ba7 32. Be5 Nb6 33. Ng3 Rae8 34. Rxe8 Qxe8 35. Qc3 Qg6 36. b3 Nd7 37. Bf4 Nhf6 38. Qc6 Bb6 39. Qc2 Nh5 40. Nxh5 Qxh5 41. Qc6 Rd8 42. Bh2 Qf7 43. Qb7 Rb8 44. Qxa6 Bd4 45. Qc6 Be5 46. Bd5 Qe8 47. Rxf5 Bxh2 48. Qxd7 g6 49. Qxe8+ Rxe8 50. d7 Rd8 51. Rf7 Bc7 52. Re7 b4 53. Kg2 Rf8 54. Re4 Ba5 55. Re7 Bd8 56. Re8 Kg7 57. Be4 g5 58. Bd5 Bc7 59. Re4 Rf5 60. Re7+ Kf6 61. Re6+ Kg7 62. Bc4 Rf4 63. Re7+ Kf6 64. Re8 Rd4 65. Bb5 Rd5 66. Ba4 Kf5 67. Kf3 Rd3+ 68. Ke2 Rd5 69. Rc8 Ba5 70. Rb8 Kf4 71. Rb7 Rd4 72. Rb5 Bd8 73. Rb8 Bf6 74. Bc6 Be7 75. Re8 Bf6 76. Rf8 Ke5 77. Ke3 Rd6 78. Re8+ Re6 79. Kd3 Kd6 80. Ba4 1-0

[Event "Virovitica"]
[Site "?"]
[Date "1977.??.??"]
[Round "8"]
[White "Bertok Mario"]
[Black "Kovacevic Vlatko"]
[Result "0-1"]
[WhiteElo "2425"]
[BlackElo "2495"]
[PlyCount "70"]
[EventDate "1977.??.??"]
[Source "www.chesslib.no"]
[SourceDate "2004.05.04"]

1. d4 d5 2. c4 dxc4 3. Nf3 Nf6 4. e3 Bg4 5. Bxc4 e6 6. h3 Bh5 7. Nc3 a6 8. Be2 Nc6 9. O-O Bd6 10. b3 O-O 11. Bb2 Qe8 12. Nd2 Bxe2 13. Qxe2 e5 14. d5 Ne7 15. e4 Ng6 16. g3 Qd7 17. Kg2 Ne8 18. Nc4 f5 19. exf5 Rxf5 20. Ne4 Be7 21. Rad1 Nf6 22. Nxf6+ Bxf6 23. Qg4 Rd8 24. Ne3 Rg5 25. Qxd7 Rxd7 26. Kh2 Ne7 27. h4 Rh5 28. Kh3 Kf7 29. Kg4 g6 30. f3 Bg7 31. Kh3 g5 32. Kg4 Kg6 33. hxg5 Rh2 34. Bc1 h5+ 35. gxh6 Ng8 0-1

[Event "It (Open) Bizovac CRO"]
[Site "?"]
[Date "2006.02.25"]
[Round "6"]
[White "Doric Darko"]
[Black "Stevic Hrvoje"]
[Result "0-1"]
[WhiteElo "2404"]
[BlackElo "2512"]
[PlyCount "30"]
[EventDate "2006.??.??"]
[Source "www.chesslib.no"]
[SourceDate "2004.05.04"]

1. d4 d5 2. c4 dxc4 3. Nf3 Nf6 4. e3 Bg4 5. Bxc4 e6 6. O-O a6 7. h3 Bh5 8. g4 Bg6 9. Ne5 Nbd7 10. Nxg6 hxg6 11. Qf3 Nh7 12. Qg3 Ng5 13. f4 Bd6 14. Rd1 Rxh3 15. Qg2 Nf3+ 0-1